00337nam a2200133Ia 4500008004100000020001500041041001200056082001600068100001800084245004300102260003400145300000800179650001600187221030s9999 xx 000 0 und d a9814057622 aEnglish a105.23bBro aG. J. Bronson 2aA First Book of C++cby G. J. Bronson bBook / Cole PubaLondonc2000 a800 aBE Computer